000
00319nam a2200121Ia 4500
008
210430s9999 xx 000 0 und d
082
_a
297C426 W
100
_a
M. SHARIF CHAUDHRY
245
_a
Women,s Rights in ISLAM
_c
M. SHARIF CHAUDHRY
260
_a
Lahore
_b
Sh.M. Ashraf
_c
2007
300
_a
204p
942
_c
BK
_2
ddc
999
_c
563242
_d
563242